Irish Geography A-Z - Statistics

General Stats
  • This quiz has been taken 177 times
  • The average score is 13 of 25
Answer Stats
Hint Answer % Correct
B Where the Titanic was built Belfast
98%
D Capital Dublin
95%
E Ireland in Irish Éire
94%
I Sea between Ireland and Great Britain Irish
92%
W City known for crystals Waterford
85%
Z Europe's biggest producer of this element Zinc
78%
K Counties with most gaelic/hurling titles Kerry/Kilkenny
76%
S Longest river Shannon
76%
P Cut from bogs into turf Peat
70%
L Most populous province Leinster
60%
N Biggest lough Neagh
59%
Q Russell Group university Queen's
56%
T Munster county bordering eight counties Tipperary
56%
U Ulaidh in English Ulster
56%
J Woodland bird with Irish sub-species Jay
39%
A Largest island Achill
35%
O Contains Slieve Bloom and Clara Bog Offaly
35%
F River/lough in Derry Foyle
32%
M NI's highest mountain range Mournes
26%
Y Seaside resort town in Cork Youghal
24%
C Highest mountain Carrauntoohil
23%
G Nine of them in Antrim Glens
22%
V Island with first transatlantic telegraph cable Valentia
19%
H Headland in Wexford Hook Head
13%
R Island with upside down lighthouse Rathlin
13%
No matching quizzes found
Score Distribution
Percent of People with Each Score
Percentile by Number Answered
Your Score History
You have not taken this quiz